[Event "Oberfranken-ch Q 0607"]
[Site "Schney"]
[Date "2007.01.03"]
[Round "3"]
[White "Backer, Manfred"]
[Black "Kueffner, Christian"]
[Result "1/2-1/2"]
[WhiteElo "1484"]
[BlackElo "1675"]
[PlyCount "29"]
[EventDate "2007.01.02"]
[EventType "swiss"]
[EventRounds "6"]
[EventCountry "GER"]
[SourceTitle "EXT 2015"]
[Source "ChessBase"]
[SourceDate "2014.11.20"]
[SourceVersion "1"]
[SourceVersionDate "2014.11.20"]
[SourceQuality "1"]

1. e4 e5 2. Nf3 Nf6 3. Nxe5 d6 4. Nf3 Nxe4 5. Nc3 Nxc3 6. dxc3 Be7 7. Be3 0-0 8. Qd2 Nc6 9. Bd3 Re8 10. 0-0-0 Be6 11. h4 a5 12. Ng5 Bxg5 13. hxg5 g6 14. a3 Qd7 15. Rh2 1/2-1/2

[Event "Oberfranken-ch M 0506"]
[Site "Schney"]
[Date "2006.01.06"]
[Round "7"]
[White "Kueffner, Christian"]
[Black "Geisensetter, Franz"]
[Result "0-1"]
[WhiteElo "1670"]
[BlackElo "2017"]
[PlyCount "118"]
[EventDate "2006.01.02"]
[EventType "swiss"]
[EventRounds "9"]
[EventCountry "GER"]
[SourceTitle "EXT 2015"]
[Source "ChessBase"]
[SourceDate "2014.11.20"]
[SourceVersion "1"]
[SourceVersionDate "2014.11.20"]
[SourceQuality "1"]

1. e4 d5 2. exd5 Nf6 3. d4 Nxd5 4. Nf3 g6 5. Be2 Bg7 6. 0-0 0-0 7. c4 Nb6 8. Nc3 c6 9. Bf4 Be6 10. b3 Bg4 11. Be5 Bxe5 12. dxe5 Qxd1 13. Raxd1 N8d7 14. Rfe1 Rfd8 15. h3 Bxf3 16. Bxf3 Nc5 17. Ne4 Nd3 18. Re3 Nxe5 19. Rxd8+ Rxd8 20. Nc5 Nxf3+ 21. gxf3 e6 22. Nxb7 Rd2 23. a4 Nc8 24. Nc5 Kf8 25. Rd3 Rxd3 26. Nxd3 f6 27. Kf1 Ke7 28. c5 Kd7 29. Ke2 Ne7 30. f4 h6 31. Kd2 Nd5 32. b4 a6 33. Kc2 g5 34. fxg5 hxg5 35. Kd2 e5 36. f3 Ke6 37. Ke1 Nc3 38. Kf2 Nxa4 39. Kg3 Nc3 40. Kg4 Ne2 41. h4 gxh4 42. Kxh4 Nd4 43. Kg3 Kd5 44. f4 Ne2+ 45. Kg4 Nxf4 46. b5 axb5 47. Nxf4+ exf4 48. Kxf4 Kxc5 49. Kf5 Kd5 50. Kxf6 b4 51. Kf5 b3 52. Kf4 Kd4 53. Kf5 b2 54. Kg6 b1Q+ 55. Kf6 Qe4 56. Kg5 Qf3 57. Kh4 Qg2 58. Kh5 Ke5 59. Kh4 Kf6 0-1